Counting heads (Record no. 117683)

MARC details
000 -LEADER
fixed length control field 01055cam a2200265 4500
001 - CONTROL NUMBER
control field ABS68039
008 - FIXED-LENGTH DATA ELEMENTS--GENERAL INFORMATION
fixed length control field 040713n2004 000 0 eng u
035 ## - SYSTEM CONTROL NUMBER
System control number (Sirsi) u126759
100 ## - MAIN ENTRY--PERSONAL NAME
Personal name King, D.
245 ## - TITLE STATEMENT
Title Counting heads
260 ## - PUBLICATION, DISTRIBUTION, ETC.
Date of publication, distribution, etc. 2004
490 ## - SERIES STATEMENT
Series statement Inside Housing
Volume/sequential designation 21(24) 18 June 2004, 22-24(3)
520 ## - SUMMARY, ETC.
Summary, etc. Examines UK population projections to 2021 and assesses what effect these population increases and changes to household types will have on the number of homes needed and the tenure type they should be. Tables cover estimates and projections to 2021 for population, population age structure, households and social rented sector households and their characteristics. Poses key questions for the housing world, raised by King's research.
590 ## - LOCAL NOTE (RLIN)
Local note ABS
590 ## - LOCAL NOTE (RLIN)
Local note ABS
650 ## - SUBJECT ADDED ENTRY--TOPICAL TERM
Topical term or geographic name entry element AGE GROUPS
650 ## - SUBJECT ADDED ENTRY--TOPICAL TERM
Topical term or geographic name entry element SOCIAL RENTED SECTOR
650 ## - SUBJECT ADDED ENTRY--TOPICAL TERM
Topical term or geographic name entry element UNITED KINGDOM
650 ## - SUBJECT ADDED ENTRY--TOPICAL TERM
Topical term or geographic name entry element POPULATION
650 ## - SUBJECT ADDED ENTRY--TOPICAL TERM
Topical term or geographic name entry element HOUSEHOLDS
650 ## - SUBJECT ADDED ENTRY--TOPICAL TERM
Topical term or geographic name entry element HOUSING DEMAND
690 ## - LOCAL SUBJECT ADDED ENTRY--TOPICAL TERM (OCLC, RLIN)
Topical term or geographic name as entry element HOUSING-SOCIAL HOUSING
700 ## - ADDED ENTRY--PERSONAL NAME
Personal name Webb, S.
942 ## - ADDED ENTRY ELEMENTS (KOHA)
Suppress in OPAC 0
Holdings
Withdrawn status Lost status Source of classification or shelving scheme Damaged status Not for loan Home library Current library Shelving location Date acquired Total Checkouts Full call number Barcode Date last seen Copy number Price effective from Koha item type
    Dewey Decimal Classification     London London Journal article 13/07/2004   ABS68039 126759-1001 06/08/2019 1 06/08/2019 Journal article